000 00974nam a22002297a 4500
003 BD-DhJNU
005 20260126064351.0
008 260126b |||||||| |||| 00| 0 eng d
040 _aBD-DhJNU
_bENG
_cBD-DhJNU
_dBD-DhJNU
082 _223
_a370.9 ULS
100 _aউল্লাহ্‌ , মোহাম্মদ মোমিন
242 _a History of Education /
_cProfessor Mohammad Momin Ullah
245 _aশিক্ষার ইতিহাস /
_cঅধ্যাপক মোহাম্মদ মোমিন উল্লাহ্‌
246 _aShilhar itihas /
250 _a4th ed.
260 _aঢাকা ঃ
_bএডুকেয়ার পাবলিকেশন্স,
_c1980.
300 _a৪১৬ পৃ. :
_bচিত্র ;
_c২২ সেমি.।
504 _aগ্রন্থপঞ্জী সম্বলিত
650 _aশিক্ষা - ইতিহাস
650 _aEducation history
942 _2ddc
_cBK
_n0
999 _c2567
_d2567